Tilastot visalle Vasemmistoliiton puheenjohtahat

Klikkaa tästä pelataksesi tätä visaa!

Yleistilastot

  • Tätä visaa on pelattu 54 kertaa
    (27 viimeisimmän päivityksen jälkeen)
  • Keskiarvotulos 4 / 5

Vastaustilastot

VuodetSKDL:n puheenjohtaja% Oikein
2009-2016Paavo Arhinmäki
95%
1990-1998Claes Andersson
91%
2016-Li Andersson
91%
1998-2006Suvi-Anne Siimes
64%
2006-2009Martti Korhonen
36%

Tulosjakauma

Persentiili vastausten määrän mukaan

Jokaisen tuloksen saaneiden osuus

Tuloshistoriasi

Et ole pelannut tätä visaa sen viimeisimmän päivityksen jälkeen